01419nam a2200361Ia 4500001001200000003000800012006001900020007001500039008004100054010001700095020001500112020001500127040002100142035002100163050002300184082002100207245013300228250001200361260004300373300002400416504006600440504005100506533015200557650003500709650001700744651006000761655002900821700002200850700002500872710001700897856012600914999001701040ebr10135430CaPaEBRm u cr cn|||||||||040512s2005 nyua sb 001 0 eng d z 2004049005 z140397909X z1403965714 aCaPaEBRcCaPaEBR a(OCoLC)56018919214aHN90.P8bA5 2005eb04a303.3/8/097322200aAmbivalence and the structure of political opinionh[electronic resource] /cedited by Stephen C. Craig and Michael D. Martinez. a1st ed. aNew York :bPalgrave Macmillan,c2005. axvi, 196 p. :bill. aIncludes bibliographical references (p. [173]-191) and index. aIncludes bibliographical references and index. aElectronic reproduction.bPalo Alto, Calif. :cebrary,d2009.nAvailable via World Wide Web.nAccess may be limited to ebrary affiliated libraries. 0aPublic opinionzUnited States. 0aAmbivalence. 0aUnited StatesxPolitics and governmentxPublic opinion. 7aElectronic books.2local1 aCraig, Stephen C.1 aMartinez, Michael D.2 aebrary, Inc.40uhttp://site.ebrary.com/lib/rucke/Doc?id=10135430zAn electronic book accessible through the World Wide Web; click to view c85078d85078